000 00807nam a2200253 i 4500
001 35048
003 ES-MaACL
005 20250605063104.0
007 t|
008 030211s1970 sp ||||1| spa d
017 _aB 33856-1970
040 _cES-MaACL
100 0 _aBoquera Serra, Juan
_930341
_eaut
245 1 0 _aRonda romántica por el viejo Madrid /
_cpor Juan Boquera Serra ; prólogo de Francisco Cantera Burgos.
250 _a[2ª ed.].
260 _aBarcelona :
_bSeix Barral,
_c1970.
300 _a46 p. :
_bgrab. plan. pleg. ;
_c21 cm.
651 4 _aMadrid-
_xHistoria-
_vCuriosidades
_98965
700 0 _aCantera Burgos, Francisco
_934642
_eaui
852 _aES-MaACL
_jA-9616
_bR.98103
942 _cMONOGRAFIA
_n0
999 _c35048
_d35048